A Christian manifesto / (Record no. 7697)

MARC details
000 -LEADER
fixed length control field 00844nam a2200193 a 4500
020 ## - INTERNATIONAL STANDARD BOOK NUMBER
ISBN 0891072330 (pbk.) :
050 00 - CALL NUMBER
Classification number BV600.2
Item number .Sc1
100 1# - AUTHOR
Personal name Schaeffer, Francis A.
245 12 - TITLE
Title A Christian manifesto /
Statement of responsibility, etc Francis A. Schaeffer.
260 ## - PUBLICATION INFORMATION
Place of publication Westchester, Ill. :
Name of publisher Crossway Books,
Year of publication c1981.
300 ## - DESCRIPTION
Number of Pages 157 p. ;
Dimensions 22 cm.
500 ## - NOTES
General note Includes index.
505 ## - FORMATTED CONTENTS NOTE
Table of Content The abolition of truth and morality --<br/>Foundations for faith and freedom --<br/>The destruction of faith and freedom --<br/>The humanist religion --<br/>Revival, revolution, and reform --<br/>An open window --<br/>The limits of civil disobedience --<br/>The use of civil disobedience --<br/>The use of force --<br/>By teaching, by life, by action.
650 #0 - SUBJECTS
Topical Term Church renewal.
650 #0 - SUBJECTS
Topical Term Christianity
650 #0 - SUBJECTS
Topical Term Moral conditions.
650 #0 - SUBJECTS
Topical Term Christianity and politics.
942 ## - ADDED ENTRY ELEMENTS (KOHA)
Koha item type Books
Holdings
Withdrawn status Lost status Collection code Home library Current library Shelving location Date acquired Full call number Accession Number Koha item type
    Reference Methodist University Library Main Methodist University Library Main General Stacks 15/07/2021 BV600.2 .Sc1 24344 Books
    Reference Methodist University Library Main Methodist University Library Main General Stacks 15/07/2021 BV600.2 .Sc1 24182 Books
Copyright © 2026  MUG Library